000 00253nam a2200109Ia 4500
008 220714s9999 xx 000 0 und d
020 _a0 224 02622 4
082 _aEKF LOCK
100 _aLOCKER THOMAS
_9126658
245 0 _aRIP VAN WINKLE
942 _cBK
_w561
_xJohn Tresidder
_y561
_zJohn Tresidder
999 _c724396
_d724395